000 00372pab a2200157 454500
008 180718b2011 xxu||||| |||| 00| 0 eng d
100 _aRoy, Swapan Kumar
245 _aUnderstanding behavioural finance.
260 _c2011
300 _ap.858-859.
362 _aOct
650 _aFinancial markets
773 _aManagement Accountant
908 _aN
909 _a94863
999 _c94863
_d94863